| Tag |
First Indicator |
Second Indicator |
Subfields |
| LEADER |
00000cam a2200000 a 4500 |
| 001 |
in00002196367 |
| 005 |
20151104082816.0 |
| 008 |
770407m18551901xr 000 0 cze |
| 010 |
|
|
|a ca 11003154
|
| 035 |
|
|
|a (OCoLC)ocm02866955
|
| 040 |
|
|
|a DLC
|c VA@
|d VA@
|d OCLCQ
|d TXA
|d UtOrBLW
|
| 042 |
|
|
|a pcc
|
| 043 |
|
|
|a e-xr---
|
| 049 |
|
|
|a TXAM
|
| 050 |
0 |
0 |
|a DB879.P8
|b T6 1855
|
| 100 |
1 |
|
|a Tomek, Václav Vladivoj,
|c Ritter von,
|d 1818-1905.
|
| 245 |
1 |
0 |
|a Dějepis města Prahy /
|c Wácslaw Wladiwoj Tomek.
|
| 264 |
|
1 |
|a W Praze :
|b W kommissí u F. Řiwnáče,
|c 1855-1901.
|
| 300 |
|
|
|a 12 volumes in 10 ;
|c 22 cm.
|
| 336 |
|
|
|a text
|b txt
|2 rdacontent
|
| 337 |
|
|
|a unmediated
|b n
|2 rdamedia
|
| 338 |
|
|
|a volume
|b nc
|2 rdacarrier
|
| 490 |
1 |
|
|a Spisů musejních ;
|v čís. 51
|
| 490 |
1 |
|
|a Novočeská bibliothéka ;
|v čís. 18
|
| 500 |
|
|
|a "...wyšel roku 1855 prwní swazek..."--Předmluwa.
|
| 651 |
|
0 |
|a Prague (Czech Republic)
|x History.
|
| 830 |
|
0 |
|a Spisů musejních ;
|v čís. 51.
|
| 830 |
|
0 |
|a Novočeská bibliothéka ;
|v čís. 18.
|
| 948 |
|
|
|a cataloged
|b h
|c 2006/10/27
|d c
|e spoltoratski
|f 9:18:02 am
|
| 994 |
|
|
|a C0
|b TXA
|
| 999 |
|
|
|a MARS
|
| 999 |
f |
f |
|s c5e3b529-74ba-31de-90c7-fd5dddcd2365
|i 9535c339-149c-3e98-9e96-09583646b612
|t 0
|
| 952 |
f |
f |
|p ric
|a Texas A&M University
|b Rellis Campus
|c Joint Library Facility
|d Remote Storage
|t 0
|e DB879.P8 T6 1855
|h Library of Congress classification
|i unmediated -- volume
|k dil 9
|m A14834593333
|
| 952 |
f |
f |
|p ric
|a Texas A&M University
|b Rellis Campus
|c Joint Library Facility
|d Remote Storage
|t 0
|e DB879.P8 T6 1855
|h Library of Congress classification
|i unmediated -- volume
|k dil 4
|m A14834593820
|
| 952 |
f |
f |
|p ric
|a Texas A&M University
|b Rellis Campus
|c Joint Library Facility
|d Remote Storage
|t 0
|e DB879.P8 T6 1855
|h Library of Congress classification
|i unmediated -- volume
|k dil 2
|m A14834593414
|
| 952 |
f |
f |
|p ric
|a Texas A&M University
|b Rellis Campus
|c Joint Library Facility
|d Remote Storage
|t 0
|e DB879.P8 T6 1855
|h Library of Congress classification
|i unmediated -- volume
|k dil 5/dil 6
|m A14834593228
|
| 952 |
f |
f |
|p ric
|a Texas A&M University
|b Rellis Campus
|c Joint Library Facility
|d Remote Storage
|t 0
|e DB879.P8 T6 1855
|h Library of Congress classification
|i unmediated -- volume
|k dil 11
|m A14834593294
|
| 952 |
f |
f |
|p ric
|a Texas A&M University
|b Rellis Campus
|c Joint Library Facility
|d Remote Storage
|t 0
|e DB879.P8 T6 1855
|h Library of Congress classification
|i unmediated -- volume
|k dil 7/dil 8
|m A14834593252
|
| 952 |
f |
f |
|p ric
|a Texas A&M University
|b Rellis Campus
|c Joint Library Facility
|d Remote Storage
|t 0
|e DB879.P8 T6 1855
|h Library of Congress classification
|i unmediated -- volume
|k dil 3
|m A14834593375
|
| 952 |
f |
f |
|p ric
|a Texas A&M University
|b Rellis Campus
|c Joint Library Facility
|d Remote Storage
|t 0
|e DB879.P8 T6 1855
|h Library of Congress classification
|i unmediated -- volume
|k dil 12
|m A14834593781
|
| 998 |
f |
f |
|a DB879.P8 T6 1855
|s dil 2-dil 9, dil 11-dil 12
|t 0
|l Remote Storage
|